A survey of symbolic logic / (Record no. 108142)

MARC details
000 -LEADER
campo de control de longitud fija 00583nam a2200205 i 4500
001 - NÚMERO DE CONTROL
campo de control 108142
003 - IDENTIFICADOR DE NÚMERO DE CONTROL
campo de control ES-MaACL
005 - FECHA Y HORA DE LA ÚLTIMA TRANSACCIÓN
campo de control 20250804082045.0
007 - CAMPO FIJO DE DESCRIPCIÓN FÍSICA--INFORMACIÓN GENERAL
campo de control de longitud fija t|
008 - DATOS DE LONGITUD FIJA--INFORMACIÓN GENERAL
campo de control de longitud fija 070124s1960 xxu ||||1| eng d
080 ## - NÚMERO DE LA CLASIFICACIÓN DECIMAL UNIVERSAL
Número de la Clasificación Decimal Universal 164
100 1# - ENTRADA PRINCIPAL--NOMBRE DE PERSONA
Nombre de persona Lewis, Clarence Irving.
9 (RLIN) 72044
245 12 - MENCIÓN DEL TÍTULO
Título A survey of symbolic logic /
Mención de responsabilidad, etc. by C. I. Lewis.
260 ## - PUBLICACIÓN, DISTRIBUCIÓN, ETC.
Lugar de publicación, distribución, etc. New York :
Nombre del editor, distribuidor, etc. Dover,
Fecha de publicación, distribución, etc. [1960]
300 ## - DESCRIPCIÓN FÍSICA
Extensión 327 p. ;
Dimensiones 22 cm.
500 ## - NOTA GENERAL
Nota general Biblioteca Jacinto Martínez Lacalle.
650 #7 - PUNTO DE ACCESO ADICIONAL DE MATERIA--TÉRMINO DE MATERIA
Término de materia o nombre geográfico como elemento de entrada Lógica matemática
Fuente del encabezamiento o término embne
9 (RLIN) 14697
852 ## - LOCALIZACIÓN
Ubicación ES-MaACL
Número de control de estantería E-11535
Sublocalización o colección R.139608
Holdings
Estatus retirado Estado de pérdida Estado de daño No para préstamo Biblioteca de origen Biblioteca actual Ubicación en estantería Fecha de adquisición Fuente de adquisición Total de préstamos Signatura topográfica completa Código de barras Visto por última vez Precio de reemplazo Tipo de ítem Koha
        Biblioteca del Ateneo de Madrid Biblioteca del Ateneo de Madrid Depósito 2 17/01/2008     E-11535 1112847 23/02/2023 23/02/2023 Libro impreso